What becomes an icon most (Record no. 5135)

MARC details
000 -CABECERA
campo de control de longitud fija 00996nam a22002297a 4500
003 - IDENTIFICADOR DEL NÚMERO DE CONTROL
campo de control OSt
005 - FECHA Y HORA DE LA ÚLTIMA TRANSACCIÓN
campo de control 20251103162042.0
008 - DATOS DE LONGITUD FIJA--INFORMACIÓN GENERAL
campo de control de longitud fija 250910b |||||||| |||| 00| 0 eng d
020 ## - NÚMERO INTERNACIONAL ESTÁNDAR DEL LIBRO
Número Internacional Estándar del Libro 0017-8012
040 ## - FUENTE DE LA CATALOGACIÓN
Centro catalogador/agencia de origen English
Centro/agencia transcriptor tbs
041 ## - CÓDIGO DE LENGUA
Código de lengua del texto/banda sonora o título independiente English
100 ## - ENTRADA PRINCIPAL--NOMBRE DE PERSONA
Nombre de persona Holt, Douglas B
9 (RLIN) 21200
245 ## - MENCIÓN DE TÍTULO
Título What becomes an icon most
Mención de responsabilidad, etc. / Douglas B. Holt
260 ## - PUBLICACIÓN, DISTRIBUCIÓN, ETC.
Nombre del editor, distribuidor, etc. Harvard Business Review
Fecha de publicación, distribución, etc. 2003
362 ## - FECHAS DE PUBLICACIÓN Y/O DESIGNACIÓN SECUENCIAL
Fecha de publicación y/o designación secuencial Harvard Business Review. March, 2003, Vol. 81 Issue 3, p43, 7 p
520 ## - SUMARIO, ETC.
Sumario, etc. This article discusses how some brands become icons, having the power to maintain a hold on the marketplace for many years. The most successful brands create myths, most often in the U.S. by creating an intimate and credible relationship with the desire of Americans to be rebels.
653 ## - TÉRMINO DE INDIZACIÓN--NO CONTROLADO
Término no controlado United States
653 ## - TÉRMINO DE INDIZACIÓN--NO CONTROLADO
Término no controlado Company business planning
653 ## - TÉRMINO DE INDIZACIÓN--NO CONTROLADO
Término no controlado Business
856 ## - LOCALIZACIÓN Y ACCESO ELECTRÓNICOS
Identificador Uniforme del Recurso <a href="https://bibliotheque.tbs-education.fr/Default/doc/edsgao/_b64_ZWRzZ2NsLjk4NzE1MDg1/what-becomes-an-icon-most">https://bibliotheque.tbs-education.fr/Default/doc/edsgao/_b64_ZWRzZ2NsLjk4NzE1MDg1/what-becomes-an-icon-most</a>
942 ## - ELEMENTOS DE ENTRADA AGREGADA (KOHA)
Fuente del sistema de clasificación o colocación Clasificación de Library of Congress
Holdings
Estado de retiro Estado de pérdida Fuente del sistema de clasificación o colocación Estado dañado No para préstamo Biblioteca de origen Biblioteca actual Fecha de adquisición Total de préstamos Fecha visto por última vez Identificador Uniforme del Recurso Precio válido a partir de Tipo de ítem Koha
    Clasificación de Library of Congress     TBS Barcelona TBS Barcelona 03/11/2025   03/11/2025 https://bibliotheque.tbs-education.fr/Default/doc/edsgao/_b64_ZWRzZ2NsLjk4NzE1MDg1/what-becomes-an-icon-most 03/11/2025 Academic Article

Powered by Koha